Foucault, iktidar ve hukuk (Record no. 10218)

MARC details
000 -BAŞLIK
Sabit Uzunlukta Kontrol Alanı 00952na a2200301 4500
001 - KONTROL NUMARASI
Denetim Alanı 13026
003 - KONTROL NUMARASI IDENTIFIER
Denetim Alanı MIRAKIL
005 - SON İŞLEM TARİHİ VE ZAMANI
Denetim Alanı 20181213155311.0
008 - SABİT-BOY VERİ ELEMANLARI - GENEL BİLGİLER
Sabit Uzunlukta Kontrol Alanı 160817b tu 000 0
020 ## - ULUSLARARASI STANDART KİTAP NUMARASI
Uluslararası Standart Kitap Numarası 9786053993599
035 ## - SİSTEM KONTROL NUMARASI
Sistem Kontrol Numarası 13026
040 ## - KATALOGLAMA KAYNAK
Orijinal Kataloglama Ajansı Milas
Kataloglama Dili tur
Metne Dönüştürmek Ajansı TR-AnCHP
082 ## - DEWEY ONLU SINIFLANDIRMA NUMARASI
Sınıflandırma Numarası 340.1
Ürün Numarası K64f 2015
090 ## - SINIFLAMA NUMARASI
Sınıflama Numarası 340.1 K64f 2015
100 ## - ANA GİRİŞ - KİŞİSEL İSİM
Kişisel Ad Koloş, Umut
245 ## - BAŞLIK TABLOSU
Başlık Foucault, iktidar ve hukuk
Başlığın Kalan Modern hukukun soybilimi
Sorumluluk Tablosu, Vb Umut Koloş
246 ## - UNVAN FORM VARYING
Başlık Doğru / Kısa Başlığı Modern hukukun soybilimi
260 ## - YAYIN, DAĞITIM, VB
Yayın, Dağıtım, Vb Yeri İstanbul
Yayıncı, Dağıtıcı, Vs Adı İstanbul Bilgi Üniversitesi Yayınları
Yayın, Dağıtım, Vb Tarihi 2015
300 ## - FİZİKSEL TANIM
Kapsam xviii, 379 s.
Boyutlar 23 sm
490 ## - SERİSİ TABLOSU
Seri Beyanı İstanbul Bilgi Üniversitesi yayınları
Hacim / Ardışık Tanımı 493
490 ## - SERİSİ TABLOSU
Seri Beyanı Hukuk
Hacim / Ardışık Tanımı 21
504 ## - KAYNAKÇA VB NOT
Kaynakça Vb Notu Kaynakça ve dizin var.
600 ## - KONU KATMA GİRİŞ - KURUMSAL ADI
Kişisel Ad Foucault, Michel
Bir Adıyla İlişkilendirilen Tarihler 1926-1984
600 ## - KONU KATMA GİRİŞ - KURUMSAL ADI
Kişisel Ad Foucault, Michel
Bir Adıyla İlişkilendirilen Tarihler 1926-1984
Relator Terim İktidar
Genel Alt Bölümü Siyasal ve sosyal görüşler
650 ## - KONU KATMA GİRİŞ - TOPİKAL DÖNEM
Topikal Süreli Veya Coğrafi Ad Giriş Elemanı İktidar (Sosyal bilimler)
650 ## - KONU KATMA GİRİŞ - TOPİKAL DÖNEM
Topikal Süreli Veya Coğrafi Ad Giriş Elemanı Hukuk
Genel Alt Bölümü Felsefe
942 ## - EKLENDİ GİRİŞ ELEMANLARI (KOHA)
Sınıflandırma Veya Raf Düzeni Kaynak Dewey Decimal Classification
Koha Öğesi Türü Books
999 ## - SİSTEM KONTROL NUMARALARI (KOHA)
Koha Biblionumber 10218
Koha Biblioitemnumber 10218
Holdings
Kalıcı Konum Mevcut Konum Edinme Tarihi Edinim Kaynak Toplam Check-Out'Lar Tam Çağrı Numarası Barkod Tarih Son Görülme İtibaren Geçerli Fiyatlar Koha Öğesi Türü
CHP Kütüphanesi CHP Kütüphanesi 08/04/2016 Bağış   340.1 K64f 2015 000270 08/04/2016 08/04/2016 Books